000 00583nam a2200229Ia 4500
003 OSt
005 20221007062958.0
006 a|||||r|||| 00| 0
007 ta
008 221006b |||||||| |||| 00| 0 eng d
024 _a1,104
037 _cTextual
040 _aFLL
_cFLL
_beng
041 _2eng
_aeng
082 _aX72991:Z2, L6
100 _aNanavati D.H.
_9345929
245 0 _aEstate Duty Act
250 _a3rd
260 _aBombay
_bN.M. Tripathi India
_c1976
942 _hX72991:Z2, L6
_cTEXL
_2CC
999 _c1130007
_d1130007